| 000 | 00603nam a2200205Ia 4500 | ||
|---|---|---|---|
| 003 | OSt | ||
| 005 | 20220831131722.0 | ||
| 008 | 220822b |||||||| |||| 00| 0 eng d | ||
| 020 | _a0865692459 | ||
| 040 | _cIFM Library | ||
| 082 | _a368.4 | ||
| 100 |
_aMidgley, James _94733 |
||
| 245 | _aAlternatives to Social Security: An International Inquiry | ||
| 260 |
_aWestport, Connecticut: _bAuburn House, _c1997 |
||
| 300 |
_axiii, 153p.: _b24cm |
||
| 500 | _aIncludes Bibliographical References and Index | ||
| 650 |
_aSocial security _91249 |
||
| 700 |
_a Sherraden Michael _98709 |
||
| 942 |
_cBK _2ddc _n0 |
||
| 999 |
_c984 _d984 |
||